Digital Fundamentals / (Record no. 32781)
[ view plain ]
| 000 -LEADER | |
|---|---|
| fixed length control field | 00432nam a22001817a 4500 |
| 003 - CONTROL NUMBER IDENTIFIER | |
| control field | NUST |
| 020 ## - INTERNATIONAL STANDARD BOOK NUMBER | |
| International Standard Book Number | 9788131734483 |
| 038 ## - RECORD CONTENT LICENSOR | |
| Staff Name | khadija |
| 082 ## - DEWEY DECIMAL CLASSIFICATION NUMBER | |
| Classification number | 621.3815 |
| Author Mark | FLY |
| 100 ## - MAIN ENTRY--PERSONAL NAME | |
| Personal name | Floyd, Thomas L. |
| 9 (RLIN) | 10192 |
| 245 ## - TITLE STATEMENT | |
| Title | Digital Fundamentals / |
| Statement of responsibility, etc. | Thomas L. Floyd |
| 250 ## - EDITION STATEMENT | |
| Edition statement | 10th ed. |
| 260 ## - PUBLICATION, DISTRIBUTION, ETC. | |
| Place of publication, distribution, etc. | New Delhi: |
| Name of publisher, distributor, etc. | Pearson, |
| Date of publication, distribution, etc. | 2011. |
| 300 ## - PHYSICAL DESCRIPTION | |
| Extent | 659 p. ; |
| Other physical details | 27 cm. |
| 500 ## - GENERAL NOTE | |
| General note | Paperback. |
| 563 ## - BINDING INFORMATION | |
| Binding note | paper back |
| 942 ## - ADDED ENTRY ELEMENTS (KOHA) | |
| Koha item type | Book |
| Source of classification or shelving scheme | |
| Withdrawn status | Lost status | Source of classification or shelving scheme | Damaged status | Not for loan | Permanent Location | Current Location | Shelving location | Date acquired | Full call number | Barcode | Date last seen | Price effective from | Koha item type | Public note | Total Checkouts | Checked out | Date last checked out | Total Renewals |
|---|---|---|---|---|---|---|---|---|---|---|---|---|---|---|---|---|---|---|
| Central Library (CL) | Central Library (CL) | 08/02/2016 | 621.395 FLO | SMME-BB294 | 03/04/2023 | 08/02/2016 | Book | 1 | 09/12/2019 | 1 | ||||||||
| School of Mechanical & Manufacturing Engineering (SMME) | School of Mechanical & Manufacturing Engineering (SMME) | Reference | 11/19/2015 | 621.3815 FLO | SMME-1740 | 03/29/2018 | 11/19/2015 | Book | Rack,11-Shelf,2 | |||||||||
| School of Mechanical & Manufacturing Engineering (SMME) | School of Mechanical & Manufacturing Engineering (SMME) | Text Books | 11/19/2015 | 621.3815 FLY | SMME-1741 | 03/29/2018 | 11/19/2015 | Book | ||||||||||
| School of Mechanical & Manufacturing Engineering (SMME) | School of Mechanical & Manufacturing Engineering (SMME) | 11/19/2015 | 621.3815 FLO | SMME-1742 | 11/24/2021 | 11/19/2015 | Book | 1 | 03/24/2022 | 11/24/2021 | ||||||||
| School of Mechanical & Manufacturing Engineering (SMME) | School of Mechanical & Manufacturing Engineering (SMME) | Text Books | 11/19/2015 | 621.3815 FLY | SMME-1743 | 10/20/2020 | 11/19/2015 | Book | 1 | 10/20/2020 | 1 | |||||||
| School of Mechanical & Manufacturing Engineering (SMME) | School of Mechanical & Manufacturing Engineering (SMME) | Text Books | 11/19/2015 | 621.3815 FLY | SMME-1744 | 03/29/2018 | 11/19/2015 | Book | ||||||||||
| School of Mechanical & Manufacturing Engineering (SMME) | School of Mechanical & Manufacturing Engineering (SMME) | Text Books | 11/19/2015 | 621.3815 FLY | SMME-1745 | 03/29/2018 | 11/19/2015 | Book |
